| 000 | 01562nam a22002537a 4500 | ||
|---|---|---|---|
| 008 | 100627t xxu||||| |||| 00| 0 eng d | ||
| 082 |
_222 _a252.52 _bف د ا |
||
| 100 |
_915249 _aفدا، عباس عبدالله _eإشراف وتنفيذ |
||
| 245 |
_aمناسك الحج والعمرة ززيارة المسجد النبوي على المذاهب الأربعة / _cإشراف وتنفيذ عباس عبدالله فدا |
||
| 246 | _aThe Rites of Hajj and Umra and the Visit of Prophet's Mosque according to the four Schools of Muslim Law | ||
| 260 |
_aمكة : _bمركز الحرمين التجاري ، [د.ت] _c[د.ت] |
||
| 300 |
_a85 ص : _bصور ؛ _c 20 سم |
||
| 500 | _aالنص بالعربية والانجليزية | ||
| 505 | _aالأدعية: الطواف -- السعي -- عرفات -- مزدلفة -- منى -- طواف الوداع -- زيارة المدينة المنورة | ||
| 541 | _aعلاء عبد الغني؛ | ||
| 650 |
_915017 _aالحج _xمناسك |
||
| 650 |
_915027 _aالحج _xالخروج إلى منى والوقوف بعرفة |
||
| 650 |
_915028 _aالحج _xدخول مكة |
||
| 650 |
_915029 _aالحج _xالدفع من عرفة إلى المزدلفة |
||
| 650 |
_915032 _aالطواف بالكعبة |
||
| 650 |
_915030 _aالسعي بين الصفا والمروة |
||
| 942 |
_2ddc _cBB |
||
| 999 |
_c14225 _d14225 |
||